NFL True Facts - Statistics

General Stats
  • This quiz has been taken 197 times
  • The average score is 4 of 14
Answers on the Grid
Answers color-coded by a green-red scale on the quiz's grid according to % correct below.
Nobody has ever had 2000 receiving yards in one season
The last pick in the draft is called Mr Relevant
There have been 10, 2000 yard rushing seasons.
Lawrence Taylor has won MVP
Calvin Johnson holds the single season reception yard record
There have been 17 receiving triple crowns in NFL history
The 40 yard dash combine record is held by Tyreek Hill
James Harrison has the longest pick-six in Super Bowl history.
The Ravens have the Highest win Percentage in NFL history
Drew Brees has the most 5000 yard passing seasons in NFL history
Erik Dickerson has the most rushing yards in one regular season ever.
A kicker has won MVP
The longest td ever was a 107 yard pick six
Cam Newton Has more MVP trophies than Joe Burrow
Deion Sanders has the most kick return TDs ever
Brett Farve has the most Interceptions in History
Jim Kelly Lost 5 straight super bowls with the bills
12 teams have not won a super bowl
Tom Brady has appeared in 11 super Bowls
The Cardinals are the Oldest Team in the NFL
The Panthers are the Newest team in the NFL
The Dolphins are the Only team to go undefeated and win the Super Bowl
Steve young was Drafted by the Niners
The Commanders had a Marching band
 
Answer Stats
Answer % Correct
Nobody has ever had 2000 receiving yards in one season
70%
Lawrence Taylor has won MVP
43%
Calvin Johnson holds the single season reception yard record
36%
A kicker has won MVP
34%
Drew Brees has the most 5000 yard passing seasons in NFL history
32%
Erik Dickerson has the most rushing yards in one regular season ever.
30%
James Harrison has the longest pick-six in Super Bowl history.
30%
Brett Farve has the most Interceptions in History
28%
Cam Newton Has more MVP trophies than Joe Burrow
21%
The Dolphins are the Only team to go undefeated and win the Super Bowl
19%
The Cardinals are the Oldest Team in the NFL
11%
There have been 17 receiving triple crowns in NFL history
11%
12 teams have not won a super bowl
4%
The Commanders had a Marching band
4%
No matching quizzes found
Score Distribution
Percent of People with Each Score
Percentile by Number Answered
Your Score History
You have not taken this quiz